Quiz Challenge #4 Stats

 Plays Quiz not verified by Sporcle

Challenge
Share
Tweet
Embed
Score 0/50 Timer 15:00
0 Plays Today
Question % Correct
Opened in Dubai in 2009 and standing at 2,700+ feet, what is the tallest building in the world? Burj Khalifa
85.7%
Where in the body would you find the rotator cuff? Shoulder
85.7%
Which ancient civilization built the ruins of Machu Pichu in Peru? Inca
85.7%
Central Perk is a coffee shop in what famous sitcom? Friends
85.7%
On June 28, 1997, whose ear did Mike Tyson partially bite off during the famous “Sound and the Fury” fight? Evander Holyfield
71.4%
Which of Japan’s main islands is the largest, and includes the cities Tokyo, Kyoto, Kobe, and Hiroshima? Honshu
71.4%
Hadrian’s Wall stretched from one side to the other of what island? Britain
57.1%
What type of tree loses its leaves seasonally? Deciduous
57.1%
In 1980, the World Health Organization declared that what disease was eradicated? Smallpox
57.1%
In 2016, which country’s monarch died after serving for seventy years? Thailand
57.1%
Mario Puzo wrote the screenplay for which superhero movie? Superman
57.1%
What is the real name of musician Sting? Gordon Sumner
57.1%
In June 2016, which company spent $26.2 billion to buy the website LinkedIn? Microsoft
57.1%
Considered sacred by the Incas, Lake Titicaca straddles the border between Peru and what other country? Bolivia
57.1%
What city were the Olympics games being held in when Enriqueta Basilio became the first woman to light the cauldron in 1968? Mexico City
57.1%
Which modern artist had a studio known as “The Factory”? Andy Warhol
42.9%
What Siberian lake, the deepest in the world, contains about one-fifth of the world’s unfrozen freshwater reserves? Lake Baikal
42.9%
The Great Dividing Range is the longest range of mountains in what country? Australia
42.9%
Due to producing many of their albums, who is nicknamed “The Fifth Beatle”? George Martin
42.9%
What do the initials mean in the name of the Irish poet W.B. Yeats? William Butler
42.9%
What currency was established with the 1992 Treaty of Maastricht? Euro
42.9%
The Nile River flows into what body of water? Mediterranean Sea
42.9%
Which Germanic group ruled a kingdom in North Africa, and sacked Rome in 455 AD? Vandals
42.9%
“Ode to Joy” comes near the end of which of Beethoven’s symphonies? Ninth
42.9%
The 2015 film “Bridge of Spies” refers to a bridge in what city? Berlin
28.6%
Question % Correct
On May 15, 1969, “Bloody Thursday,” became the most violent day in the history of what University of California campus? Berkeley
28.6%
Who wrote the 1988 book “Silence of the Lambs”?Thomas Harris
28.6%
Bruce Springsteen won a Grammy and an Oscar for the song “Streets of” what? Philadelphia
14.3%
A total of eight arms and legs are seen in which famous drawing by Da Vinci? Vitruvian Man
14.3%
A ballot filled out according to the order of names listed is a what ‘vote’? Donkey
14.3%
Which famous actor was nicknamed “The King of Cool”? Steve McQueen
14.3%
In 2017, which country won Eurovision for the first time? Portugal
14.3%
In May 1974, India’s first successful nuclear bomb test was given the code name Smiling…what? Buddha
14.3%
Lasting from November 1939 to March 1940, the Winter War saw Russia pitted against which country? Finland
14.3%
Which capital city is built across 14 islands and connected by 57 bridges? Stockholm
14.3%
In 1990, whose painting, “Portrait of Dr. Gachet” was sold for a then-record of $82.5 million?Vincent van Gogh
14.3%
“Korobeiniki,” a 19th century Russian folk song about a merchant and a girl trying to strike a deal, is considered the theme to what video game? Tetris
14.3%
What name is given to the line of longitude defined as zero degrees? Prime Meridian
14.3%
What term for incontrovertible evidence is taken from the Sherlock Holmes short story “The Adventure of the Gloria Scott”? Smoking gun
14.3%
Elton John shares his name with which mythical figure? Hercules
14.3%
Rakugo is a Japanese method of doing what? Storytelling
0%
Which fairy tale did Charles Perrault write in 1697? Puss In Boots
0%
Released in 2012, “The Wind Through the Keyhole” is the eighth and most recent installment in what famous book series? The Dark Tower
0%
What is the zip code to the White House? 20500
0%
Which entrepreneur launched “Student” magazine in 1968? Richard Branson
0%
In Norse mythology, what was the name of Odin’s spear? Gungnir
0%
CG, CA, IC, and CC are all classifications of what natural phenomenon? Lightning
0%
What was the last name of Malcolm X? Little
0%
In 2007, the UNESCO Memory of the World Register deemed what 1906 Australian movie to be the world’s first feature film?The Story of the Kelly Gang
0%
What is the name of the vertical bar separating panes of glass in a window? Mullion
0%

You're not logged in!

Compare scores with friends on all Sporcle quizzes.
Join for Free
OR
Log In

You Might Also Like...

Show Comments

Extras

Created May 19, 2017ReportNominate
Tags:challenge

Top Quizzes Today


Score Distribution

Your Account Isn't Verified!

In order to create a playlist on Sporcle, you need to verify the email address you used during registration. Go to your Sporcle Settings to finish the process.

Report this User

Report this user for behavior that violates our Community Guidelines.

Details: